|
|
|
|
| LEADER |
00000nam0a2200000 4500 |
| 001 |
247485 |
| 005 |
20231101232313.0 |
| 035 |
|
|
|a (RuTPU)RU\TPU\book\268971
|
| 035 |
|
|
|a RU\TPU\book\198667
|
| 090 |
|
|
|a 247485
|
| 100 |
|
|
|a 20100708d1927 m y0rusy50 ca
|
| 101 |
0 |
|
|a rus
|
| 102 |
|
|
|a RU
|
| 105 |
|
|
|a y z 001zb
|
| 200 |
1 |
|
|a Исаак Ньютон. Биографический очерк
|f П. С. Кудрявцев
|
| 210 |
|
|
|a Сталин
|c Диктатура Труда
|d 1927
|
| 215 |
|
|
|a 61 с.
|
| 300 |
|
|
|a Из трудов Донецкого горного института.
|
| 320 |
|
|
|a Библиографическая заметка: с. 58-60.
|
| 600 |
|
1 |
|a Ньютон
|b И.
|c английский математик
|c механик
|c астроном
|c физик
|f 1642-1726
|g Исаак
|2 stltpush
|3 (RuTPU)RU\TPU\pers\346
|9 170
|
| 606 |
1 |
|
|a Физика
|x История
|2 stltpush
|3 (RuTPU)RU\TPU\subj\42263
|9 61950
|
| 610 |
1 |
|
|a биографии
|
| 610 |
1 |
|
|a 17 век
|
| 610 |
1 |
|
|a 18 век
|
| 610 |
1 |
|
|a открытия
|
| 610 |
1 |
|
|a оптика
|
| 610 |
1 |
|
|a механика
|
| 675 |
|
|
|a 53(092)
|v 3
|
| 700 |
|
1 |
|a Орленко
|b М. И.
|
| 801 |
|
1 |
|a RU
|b 63413507
|c 20131227
|
| 801 |
|
2 |
|a RU
|b 63413507
|c 20131230
|g RCR
|
| 942 |
|
|
|c BK
|